| 000 | 00531nam a22001937a 4500 | ||
|---|---|---|---|
| 003 | OSt | ||
| 005 | 20140310183103.0 | ||
| 008 | 130304t xxu||||| |||| 00| 0 eng d | ||
| 050 |
_aKF 5625.1 _b.D622 1995 |
||
| 082 |
_aFIL 346.59901 _b.D622 1995 |
||
| 245 |
_aHandbook on the family code of the Philippines _cDiy, Alicia Sempio |
||
| 260 |
_aQuezon City _bJoer Printing Services _cc1995 |
||
| 300 |
_a408 p. _c21 cm. |
||
| 521 | _aCollege | ||
| 526 | _c1210L-1700L | ||
| 541 | _j1 | ||
| 562 | _e1 | ||
| 942 |
_2lcc _cBK _kFIL |
||
| 999 |
_c18757 _d18757 |
||